书目信息 |
| 题名: |
瞬时功率理论及其在电力调节中的应用
|
|
| 作者: | Watanabe , Aredes , 赤木泰文 著 ;徐政 译 | |
| 分册: | ||
| 出版信息: | 北京 机械工业出版社 2009.07 |
|
| 页数: | 325页 | |
| 开本: | 24cm | |
| 丛书名: | 国际电气工程先进技术译丛 | |
| 单 册: | ||
| 中图分类: | TM761 | |
| 科图分类: | ||
| 主题词: | 输电--shu dian--功率--自动控制 | |
| 电子资源: | ||
| ISBN: | 978-7-111-26889-5 | |
| 000 | 01550oam2 22003131 450 | |
| 001 | 012009058484 | |
| 005 | 20110914101637.65 | |
| 010 | @a978-7-111-26889-5@dCNY68.00 | |
| 100 | @a20091207d2009 em y0chiy0121 ea | |
| 101 | 1 | @achi@ceng |
| 102 | @aCN@b110000 | |
| 105 | @aa z 000yy | |
| 200 | 1 | @a瞬时功率理论及其在电力调节中的应用@9shun shi gong lu^ li lun ji qi zai dian li diao jie zhong de ying yong@d= Instantaneous power theory and applications to power conditioning@f(日)Hirofumi Akagi, (巴西)Edson Hirokazu Watanabe, (巴西)Mauricio Aredes著@g徐政译@zeng |
| 210 | @a北京@c机械工业出版社@d2009.07 | |
| 215 | @a325页@c图@d24cm | |
| 225 | 2 | @a国际电气工程先进技术译丛@9guo ji dian qi gong cheng xian jin ji shu yi cong |
| 305 | @a由Wiley授权出版 | |
| 330 | @a本书主要阐述瞬时功率理论,并对不同的功率定义体系进行了深入的比较和分析,指出传统的功率定义体系不能满足现代电力电子技术发展的需要。同时书中有一半章节讲述了瞬时功率理论在包括并联型、串联型和混合型有源滤波器以及统一电能质量调节器、统一潮流控制器和通用有源线路调节器等电力调节器中的应用。 | |
| 461 | 0 | @12001 @a国际电气工程先进技术译丛 |
| 510 | 1 | @aInstantaneous power theory and applications to power conditioning@zeng |
| 606 | 0 | @a输电@9shu dian@x功率@x自动控制 |
| 690 | @aTM761@v4 | |
| 701 | 1 | @aWatanabe@g(Watanabe, Edson Hirokazu)@4著 |
| 701 | 1 | @aAredes@g(Aredes, Mauricio)@4著 |
| 701 | 0 | @a赤木泰文@9chi mu tai wen@g(Akagi, Hirofumi)@4著 |
| 702 | 0 | @a徐政@9xu zheng@4译 |
| 801 | 0 | @aCN@b91MARC@c20110914 |
| 905 | @aBZT@dTM761@e1 | |
| 906 | @dCNY68.00@n0@r1 | |
| 瞬时功率理论及其在电力调节中的应用= Instantaneous power theory and applications to power conditioning/(日)Hirofumi Akagi, (巴西)Edson Hirokazu Watanabe, (巴西)Mauricio Aredes著/徐政译.-北京:机械工业出版社,2009.07 |
| 325页:图;24cm.-(国际电气工程先进技术译丛) |
| ISBN 978-7-111-26889-5:CNY68.00 |
| 本书主要阐述瞬时功率理论,并对不同的功率定义体系进行了深入的比较和分析,指出传统的功率定义体系不能满足现代电力电子技术发展的需要。同时书中有一半章节讲述了瞬时功率理论在包括并联型、串联型和混合型有源滤波器以及统一电能质量调节器、统一潮流控制器和通用有源线路调节器等电力调节器中的应用。 |
| ● |
| 相关链接 |
|
|
|
正题名:瞬时功率理论及其在电力调节中的应用
索取号:TM761/1
 
预约/预借
| 序号 | 登录号 | 条形码 | 馆藏地/架位号 | 状态 | 备注 |
| 1 | 794179 | 2000794179 | 中心书库中库/ 中库029架A面3列4层37/ [索取号:TM761/1] | 在馆 | |
| 2 | 794180 | 2000794180 | 中心书库中库/ 中库029架A面3列4层38/ [索取号:TM761/1] | 在馆 | |
| 3 | 794181 | 2000794181 | 中心书库中库/ 中库029架A面3列4层39/ [索取号:TM761/1] | 在馆 | |
| 4 | 794182 | 2000794182 | 中心书库中库/ 中库029架A面3列4层40/ [索取号:TM761/1] | 在馆 | |
| 5 | 794183 | 2000794183 | 中心书库中库/ 中库029架A面3列4层30/ [索取号:TM761/1] | 在馆 | |
| 6 | 794184 | 2000794184 | 中心书库中库/ 中库029架A面3列4层31/ [索取号:TM761/1] | 在馆 |